LIBRARY & INFORMATION CENTRE, KCAET, TAVANUR

ONLINE PUBLIC ACCESS CATALOGUE (OPAC)

Grinding of metals / (Record no. 1655)

MARC details
000 -LEADER
fixed length control field 00401cam a2200169ua 4500
041 ## - LANGUAGE CODE
Language code of text/sound track or separate title eng
082 ## - DEWEY DECIMAL CLASSIFICATION NUMBER
Classification number 671.35
Item number LOS/GR
100 ## - MAIN ENTRY--AUTHOR NAME
Personal name Loskutov, V.V .
245 ## - TITLE STATEMENT
Title Grinding of metals /
260 ## - PUBLICATION, DISTRIBUTION, ETC. (IMPRINT)
Place of publication Moscow :
Name of publisher MIR Publishers ,
Year of publication 1984.
300 ## - PHYSICAL DESCRIPTION
Number of Pages 302 ; .
942 ## - ADDED ENTRY ELEMENTS (KOHA)
Koha item type Books
Holdings
Withdrawn status Lost status Damaged status Home library Current library Date acquired Full call number Accession Number Koha item type
      KAUAET KAUAET 09/03/1987 671.35 16022 Books
free website counter